| 000 | 00544nam a2200157 a 4500 | ||
|---|---|---|---|
| 001 | 33681 | ||
| 005 | 20180714001646.0 | ||
| 008 | 140415s1994 000 0 spa d | ||
| 020 | _a9688591661 | ||
| 041 | _aspa | ||
| 082 |
_a378.017 _bSEG |
||
| 245 | 0 | 0 |
_aSEGUNDA JORNADA DE INVESTIGACION 1994 SEMINARIO : _bPREPARATORIO: LA UNIVERSIDAD LATINOAMERICANA FRENTE A... |
| 260 |
_a[s.l.] : _bUIA, _c1994 |
||
| 300 | _a166 | ||
| 650 | 1 | 4 |
_aEDUCACION SUPERIOR _xEDUCACION Y DESARROLLO _xEDUCACION Y SOCIEDAD _xSECTOR PRODUCTIVO _xEDUCACION |
| 999 |
_c33681 _d33681 |
||